[Event "Martinique-ch 34th"]
[Site "Le Lamentin"]
[Date "2018.05.05"]
[Round "2"]
[White "Alcindor, Samuel"]
[Black "Grange, Julien2222"]
[Result "0-1"]
[WhiteElo "1664"]
[BlackElo "1854"]
[PlyCount "50"]
[EventDate "2018.05.05"]
[EventType "tourn"]
[EventRounds "11"]
[EventCountry "MFR"]
[SourceTitle "CBM 184 Extra"]
[Source "ChessBase"]
[SourceDate "2018.06.28"]
[SourceVersion "1"]
[SourceVersionDate "2018.06.28"]
[SourceQuality "1"]

1. e4 d6 2. d4 Nf6 3. Nc3 g6 4. Bc4 Bg7 5. f4 c5 6. Be3 Ng4 7. Bb5+ Kf8 8. Bd2 cxd4 9. Nd5 Ne3 10. Bxe3 dxe3 11. c3 a6 12. Ba4 b5 13. Bc2 Bb7 14. Nxe3 Nd7 15. Ne2 Nc5 16. Ng3 h5 17. h4 Bc6 18. f5 Be5 19. 0-0 g5 20. Nxh5 Bxe4 21. hxg5 Qb6 22. Rf2 Bxc2 23. Qd5 Be4 24. Qd1 Nd3 25. Re2 Rxh5 0-1

[Event "Martinique-ch"]
[Site "Le Lamentin"]
[Date "2017.05.21"]
[Round "2"]
[White "Marbot, Raymond"]
[Black "Alcindor, Samuel"]
[Result "1-0"]
[WhiteElo "1726"]
[BlackElo "1434"]
[PlyCount "77"]
[EventDate "2017.05.21"]
[EventType "tourn"]
[EventRounds "11"]
[EventCountry "MFR"]
[SourceTitle "EXT 2019"]
[Source "ChessBase"]
[SourceDate "2018.10.10"]
[SourceVersion "1"]
[SourceVersionDate "2018.10.10"]
[SourceQuality "1"]

1. e4 c5 2. Nf3 Nc6 3. d4 cxd4 4. Nxd4 d6 5. Nc3 Nf6 6. Be2 g6 7. Be3 Bg7 8. Qd2 0-0 9. 0-0-0 d5 10. Nxc6 bxc6 11. exd5 cxd5 12. Nxd5 Ne4 13. Nf6+ Bxf6 14. Qxd8 Rxd8 15. Rxd8+ Kg7 16. Bf3 Bb7 17. Rxa8 Bxa8 18. Bxa7 Bg5+ 19. Be3 Bxe3+ 20. fxe3 f5 21. Rd1 Bc6 22. Bxe4 Bxe4 23. Rd2 Kf6 24. a4 g5 25. a5 f4 26. exf4 gxf4 27. a6 Kf5 28. a7 Kg4 29. Rd8 Bxg2 30. Rg8+ Kh3 31. Rxg2 Kxg2 32. a8Q+ f3 33. Qe4 Kxh2 34. Qxf3 Kg1 35. Kd2 Kh2 36. Ke2 Kg1 37. Qf2+ Kh1 38. Kf3 h5 39. Qg2# 1-0